000 00643nam a22002297i 4500
999 _c172737
_d172737
005 20190521155347.0
008 190521s2017 ii ||||e |||| 00| f tam d
020 _cRM36.00
_qpaperback
040 _aPPAK
_beng
_cPPAK
_erda
082 0 4 _223
_a894.8113
090 0 0 _a894.8113
_bKOK
_dG
100 1 _aKōkilā, Kē,
_eauthor
245 1 0 _aEl̲utāta tuḷikaḷ =
_bDiari Hatiku
246 1 1 _aDiari Hatiku
264 1 _aChennai, India :
_bArunothayam,
_c2017
300 _a268 pages :
_c18 cm
336 _2rdacontent
_atext
337 _2rdamedia
_aunmediated
338 _2rdacarrier
_avolume
650 1 0 _aTamil fiction
942 _2ddc
_cB